Loading...
| Fine Arts - Classical Music | 0 | 5 | 0 | 0 | 50 | 80 | 109.20 | 0 | 3 | 0.00 | 0.00 |
| Fine Arts - Other | 0 | 4 | 0 | 2 | 40 | 70 | 109.75 | 1 | 2 | 0.00 | 0.00 |
| Fine Arts - Painting & Sculpture | 0 | 4 | 0 | 1 | 40 | 63 | 98.00 | 1 | 3 | 0.00 | 0.00 |
| Science - Biology | 0 | 4 | 1 | 0 | 35 | 57 | 77.50 | 2 | 4 | 0.00 | 0.00 |
| Literature - World | 0 | 2 | 0 | 0 | 20 | 90 | 101.50 | 0 | 2 | 0.00 | 0.00 |
| Science - Chemistry | 0 | 2 | 0 | 1 | 20 | 104 | 105.00 | 1 | 1 | 0.00 | 0.00 |
| Religion | 0 | 1 | 0 | 0 | 10 | 76 | 76.00 | 0 | 1 | 0.00 | 0.00 |
| Mythology | 0 | 1 | 0 | 0 | 10 | 81 | 81.00 | 1 | 1 | 0.00 | 0.00 |
| Literature - European | 0 | 1 | 0 | 0 | 10 | 42 | 42.00 | 1 | 1 | 0.00 | 0.00 |
| Literature - American | 0 | 1 | 0 | 0 | 10 | 45 | 45.00 | 1 | 1 | 0.00 | 0.00 |
| History - World | 0 | 1 | 0 | 1 | 10 | 131 | 131.00 | 0 | 1 | 0.00 | 0.00 |
| Science - Other | 0 | 1 | 0 | 0 | 10 | 75 | 75.00 | 1 | 1 | 0.00 | 0.00 |
| Other | 0 | 1 | 1 | 0 | 5 | 64 | 64.00 | 0 | 0 | 0.00 | 0.00 |